Living with arthritis : successful strategies to help manage the pain and remain active
| Main Author: | |
|---|---|
| Other Authors: | |
| Format: | Book |
| Published: |
New York :
Penguin Group ,
1993
|
| Subjects: |
MARC
| LEADER | 00000cam a2200000 7i4500 | ||
|---|---|---|---|
| 001 | 0000001549 | ||
| 002 | 000001695 | ||
| 005 | 20000330.0 | ||
| 020 | |a 0452269970 | ||
| 090 | 0 | 0 | |a 616.722 |b SHE |
| 100 | 1 | |a Shen, Harry | |
| 245 | 1 | 0 | |a Living with arthritis : |b successful strategies to help manage the pain and remain active |c Harry Shen and Cheryl Solimini |
| 260 | |a New York : |b Penguin Group , |c 1993 | ||
| 300 | |a 186p. ; |c 19cm. | ||
| 650 | 0 | 0 | |a Arthritis |x Popular works |
| 700 | 1 | |a Solimini, Cheryl | |
| 999 | |a 034495 |b BUKU |c PINJAMAN |e PERPUSTAKAAN KOMUNITI PETALING JAYA | ||